书目信息 |
| 题名: |
北京注册会计师论丛
|
|
| 作者: | ;王建新 著 ;北京注册会计师协会 编著 | |
| 分册: | 第二辑 | |
| 出版信息: | 北京 经济科学出版社 2009.07 |
|
| 页数: | 149页 | |
| 开本: | 29cm | |
| 丛书名: | ||
| 单 册: | ||
| 中图分类: | F230-53 | |
| 科图分类: | ||
| 主题词: | 会计 | |
| 电子资源: | ||
| ISBN: | 978-7-5058-8346-8 | |
| 000 | 01001 nam 000253 | |
| 001 | 0100017103 | |
| 005 | 20100805112339.51 | |
| 010 | @a978-7-5058-8346-8@dCNY35.00 | |
| 100 | @a20100515d1997 em y0chiy0121 ea | |
| 101 | @achi | |
| 102 | @aCN@b110000 | |
| 105 | @ay z 000yy | |
| 200 | 10 | @a北京注册会计师论丛@Abei jing zhu ce hui ji shi lun cong@f北京注册会计师协会编著@Fbei jing zhu ce kuai ji shi xie hui bian zhu@g王建新著@Gwang jian xin zhu@h第二辑 |
| 210 | @a北京@c经济科学出版社@d2009.07 | |
| 215 | @a149页@d29cm | |
| 330 | @a本书集中业内外专家学者智慧,从不同角度为行为发展把脉,分析了金融危机对市场经济的影响,又立足注册会计师、注册资产评估师行业所面临的挑战机遇,探讨税收调控手段、践行社会责任应对金融危机等问题。 | |
| 410 | 0 | @12001 |
| 540 | @a北京注册会计师论丛 | |
| 606 | 0 | @a会计 |
| 690 | @aF230-53@v4 | |
| 702 | 0 | @a王建新@Awang jian xin@4著 |
| 711 | 02 | @a北京注册会计师协会@Abei jing zhu ce kuai ji shi xie hui@4编著 |
| 801 | @aCN@c20100515 | |
| 905 | @dF230-53@eB650:2@f5 | |
| 北京注册会计师论丛/北京注册会计师协会编著/王建新著.第二辑.-北京:经济科学出版社,2009.07 |
| 149页;29cm |
| ISBN 978-7-5058-8346-8:CNY35.00 |
| 本书集中业内外专家学者智慧,从不同角度为行为发展把脉,分析了金融危机对市场经济的影响,又立足注册会计师、注册资产评估师行业所面临的挑战机遇,探讨税收调控手段、践行社会责任应对金融危机等问题。 |
| ● |
| 相关链接 |
|
|
|
正题名:北京注册会计师论丛
索取号:F230-53/B650:2
 
预约/预借
| 序号 | 登录号 | 条形码 | 馆藏地/架位号 | 状态 | 备注 |
| 1 | 995150 | 209951505 | 社科库409/409社科库 75排4列3层/ [索取号:F230-53/B650:2] | 在馆 | |
| 2 | 995151 | 209951514 | 社科库409/409社科库 75排4列3层/ [索取号:F230-53/B650:2] | 在馆 | |
| 3 | 995152 | 209951523 | 社科库409/409社科库 75排4列3层/ [索取号:F230-53/B650:2] | 在馆 | |
| 4 | 995153 | 209951532 | 社科库409/409社科库 75排4列3层/ [索取号:F230-53/B650:2] | 在馆 | |
| 5 | 995154 | 209951541 | 社科库409/409社科库 75排4列3层/ [索取号:F230-53/B650:2] | 在馆 |